000 00431nam a22001457a 4500
020 _qPB.
040 _cFIZZA ISHAQ
082 _a658.049
_bDER
100 _aDeresky , Helen.
_9128701
245 _aInternational Management: Managing Across Borders and Cultures, Text and Cases /
_cDeresky Helen.
250 _a7TH ED.
260 _aNEW YORK:
_bPEARSON,
_c2011.
300 _aIndex Inc ; 468 P. ;
_c27.3 X 21.5cm
942 _2ddc
_cBK
999 _c615405
_d615405